000 00358nam a22001457a 4500
020 _a978-81-7381-863
082 _a823
_bDOY/S
245 _aA STUDY IN SCARLET
_bSHORT STORY
246 _aA STUDY IN SCARLET
_bSHORT STORY
260 _aKOLKATA
_bNEW CENTRAL BOOK AGENCY
_c2013
300 _a114
520 _aSHORT STORY
650 _aSHORT STORY
942 _cBK
999 _c2948
_d2948